Statistics for Countries by Chinese Meaning

Click here to take the quiz!

General Stats

  • This quiz has been taken 838 times
    (412 since last reset)
  • The average score is 7 of 16

Answer Stats

HintLocationAnswer% Correct
Ice + IslandEuropeIceland
97%
Sun + OriginAsiaJapan
93%
Beautiful + CountryAmericasUnited States of America
72%
Lawful + CountryEuropeFrance
69%
Han + CountryAsiaSouth Korea
66%
Black + MountainEuropeMontenegro
55%
Brave + CountryEuropeUnited Kingdom
45%
Virtuous + CountryEuropeGermany
44%
Ocean + LandAmericasHaiti
37%
Morning + BrightAsiaNorth Korea
26%
Lotus + OrchidEuropeNetherlands
25%
Terraced + BayAsiaTaiwan
25%
Peaceful + CountryAsiaThailand
24%
Wisdom + BenefitAmericasChile
22%
Fragrance + OrchidEuropeFinland
19%
Faraway + PastureAsiaMyanmar
9%

Score Distribution

Percentile by Number Answered

Percent of People with Each Score

Your Score History

You have not taken this quiz since the last reset